000 00470nam a2200169 i 4500
001 46180
003 ES-MaACL
005 20230906161335.0
007 t|
008 030328s1907 ne ||||1| fre d
111 2 _aConférence de la Paix (
_d1907.
_cLa Haye)
_9140
245 1 0 _aDeuxième Conférence de la Paix.
260 _a[S.l. :
_bs.n.,
_c1907]
300 _a7 legajos ;
_c24 cm.
650 0 4 _aPaz-
_vCongresos y asambleas.
_915900
852 _aES-MaACL
_jC-6730-36
999 _c46180
_d46180